Študijný program Národohospodárskej fakulty VŠE v Bratislave školský rok 1975-76

Uložené v:
Podrobná bibliografia
Médium: Kniha
Jazyk:Slovak
Vydavateľské údaje: Bratislava Rektorát VŠE 1975
Predmet:
Tagy: Pridať tag
Žiadne tagy, Buďte prvý, kto otaguje tento záznam!

MARC

LEADER 00000nam a2200000 4500
001 c121493
005 20250520131720.9
041 0 |a slo 
044 |a SK 
245 1 0 |a Študijný program Národohospodárskej fakulty VŠE v Bratislave  |b školský rok 1975-76 
264 1 |a Bratislava  |b Rektorát VŠE  |c 1975 
300 |a 122 s. 
610 2 0 |a školy vysoké 
610 2 0 |a univerzity 
610 2 0 |a vzdelanie vysokoškolské 
610 2 0 |a plán učebný 
610 2 0 |a programy študijné 
610 2 0 |a Vysoká škola ekonomická v Bratislave